000 00870nam a2200205Ii 4500
003 JO-AjNU
008 230605s9999||||xx |||||||||||||| ||und||
040 _aJO-AjNU
_bara
_erda
_cJO-AjNU
041 _aara
050 1 4 _aPJ6645.F7.J2.1977
100 3 _aتأليف عبدالنور، جبور، م. مشارك سهيل ادريس,
_eauthor
_947138
245 0 0 _a المنهل: قاموس فرنسي-عربي
250 _aالطبعة الرابعة
264 3 1 _aبيروت: دار العلم للملايين، 1977
300 _a1098ص
_bيشتمل على مراجع ببلوغرافية باللغة العربية واللغة الانجليزية
336 _atext
_btxt
_2rdacontent
337 _aunmediated
_bn
_2rdamedia
338 _avolume
_bnc
_2rdacarrier
650 4 _a اللغة الفرنسية -- معاجم -- اللغة العربية 
_947139
999 _aA20556
_c24124
_d24124